| 000 | 01040agaaa2200265 4500 | ||
|---|---|---|---|
| 001 | 8789 | ||
| 003 | IT-RoPAU | ||
| 005 | 20220918181310.0 | ||
| 007 | d cvaizq | ||
| 008 | 50131s9999||||xx ||| | || ||und|| | ||
| 040 |
_aIT-RoPAU _cIT-RoPAU |
||
| 041 | _aITALIANO | ||
| 100 |
_aVezzani Lorenzo _gCodice regista SPICS: 1405 _955936 |
||
| 130 |
_aMONTAGGIO PUBBLICITA' TV 92 _955937 |
||
| 245 |
_aMONTAGGIO PUBBLICITA' TV 92 _cDiretto da: Vezzani Lorenzo _pMONTAGGIO PUBBLICITA' TV 92 (Rif. Codice opera principale : C8789) |
||
| 250 | _aEdizione Standard | ||
| 260 |
_aROMA (ITALIA) _bSPICS RECORDS / _c"1995 (1° ed.: 1995 ; Ed. Lingua Orig.: 1995)" |
||
| 300 |
_aVHS _bsonoro, col. _c180 minuti |
||
| 520 | _aNOTTE DEI PUBBLIVORI 1995. 26 FEBBRAIO 1995. + SPOT PUBBLICITARI INTERNAZIONALI. | ||
| 538 | _aPAL, STEREO | ||
| 546 | _aITALIANO | ||
| 650 |
_aSPOT-TV _eTV-PROGRAMMI DI PUBBLICITA' [VHS] _xCodice MATERIA SPICS: 9968 _955938 |
||
| 700 |
_aVezzani Lorenzo _e(regista) _gCodice regista SPICS: 1405 _955939 |
||
| 942 |
_cVH _2ddc |
||
| 999 |
_c108508 _d108508 |
||